Erinnerungen <Ein> amerikanisches Leben

Na minha lista:
Detalhes bibliográficos
Autor principal: Reagan, Ronald
Outros Autores: Lohmeyer, Till R.
Formato: Livro
Idioma:alemão
Publicado em: Berlin Propyläen 1990
Edição:1. Aufl.
Assuntos:
Tags: Adicionar Tag
Sem tags, seja o primeiro a adicionar uma tag!

MARC

LEADER 00000nam a2200000 4500
001 c000553
005 20221206122412.3
020 |a 3-549-07227-9 
041 0 |a ger 
044 |a DE 
245 1 0 |a Erinnerungen  |b <Ein> amerikanisches Leben  |c Ronald Reagan ; [Z angl. prel.] Till R. Lohmeyer 
250 |a 1. Aufl. 
264 1 |a Berlin  |b Propyläen  |c 1990 
300 |a 781 s. 
610 2 0 |a Reagan, R.W. 
610 2 0 |a životopisy 
610 2 0 |a politika 
610 2 0 |a USA 
610 2 0 |a história 
100 1 |a Reagan, Ronald 
700 1 |a Lohmeyer, Till R.